000 00375nam a2200133Ia 4500
003 0
005 20260121163506.0
008 180323s9999 xx 000 0 und d
100 _aJacobs, Linda
245 _cWachs, Carol
_aParent therapy :
_ba relational to working with children
260 _aLondon :
_bJason Aronson Inc.
_c2002
300 _avii, 235 pages
942 _2lcc
_cBK
999 _c356352
_d356352